000
00339 a2200157 4500
001
183048
020
_a
040
_c
Magnum
100
_a
Dângelo, Ana Lúcia Vellinho
240
1
0
_a
Histórias de trabalho
_l
por
245
1
0
_a
Histórias de trabalho
300
_a
170
362
0
_a
1995
697
_a
LITERATURA GERAL
942
_c
BK
999
_c
183048
_d
183048